[Event "Tudoriv Stadnyk Memorial"]
[Site "Tudoriv"]
[Date "2021.12.09"]
[Round "10"]
[White "Fingerov, Dmitry"]
[Black "Mischuk, Dmitry"]
[Result "1/2-1/2"]
[WhiteElo "2266"]
[BlackElo "2288"]
[PlyCount "35"]
[EventDate "2021.12.05"]
[EventType "tourn"]
[EventRounds "10"]
[EventCountry "UKR"]
[EventCategory "2"]
[SourceTitle "CBM 205 Extra"]
[Source "ChessBase"]
[SourceDate "2022.01.31"]
[SourceVersion "1"]
[SourceVersionDate "2022.01.31"]
[SourceQuality "1"]

1. d4 d5 2. Bf4 Nf6 3. Nf3 c5 4. c3 cxd4 5. cxd4 Nc6 6. Nc3 Bf5 7. Qb3 Na5 8. Qa4+ Bd7 9. Qc2 Rc8 10. e3 e6 11. Bd3 Be7 12. 0-0 0-0 13. Rac1 b5 14. Qe2 a6 15. a4 Nb3 16. Rc2 b4 17. Bxa6 Ra8 18. Nb1 1/2-1/2

[Event "Tudoriv Stadnyk Memorial"]
[Site "Tudoriv"]
[Date "2021.12.06"]
[Round "3"]
[White "Shkuran, Danylo"]
[Black "Fingerov, Dmitry"]
[Result "1-0"]
[WhiteElo "2349"]
[BlackElo "2266"]
[PlyCount "51"]
[EventDate "2021.12.05"]
[EventType "tourn"]
[EventRounds "10"]
[EventCountry "UKR"]
[EventCategory "2"]
[SourceTitle "CBM 205 Extra"]
[Source "ChessBase"]
[SourceDate "2022.01.31"]
[SourceVersion "1"]
[SourceVersionDate "2022.01.31"]
[SourceQuality "1"]

1. e4 e6 2. d4 d5 3. Nc3 Nf6 4. Bg5 dxe4 5. Nxe4 Be7 6. Bxf6 gxf6 7. Nf3 a6 8. Bc4 f5 9. Ng3 c5 10. c3 Nc6 11. 0-0 h5 12. a4 cxd4 13. cxd4 h4 14. Ne2 Qd6 15. Re1 h3 16. g3 Nb4 17. Nf4 Rg8 18. Ne5 Nc6 19. Qh5 Nxe5 20. dxe5 Qb6 21. a5 Qb4 22. Bxe6 Bxe6 23. Nxe6 Rc8 24. Nf4 Rg5 25. Qh8+ Bf8 26. e6 1-0

[Event "Chernivtsi Masters"]
[Site "Chernivtsi"]
[Date "2021.07.21"]
[Round "2"]
[White "Fingerov, Dmitry"]
[Black "Sanduleac, Vasile"]
[Result "1/2-1/2"]
[WhiteElo "2273"]
[BlackElo "2432"]
[PlyCount "25"]
[EventDate "2021.07.20"]
[EventType "tourn"]
[EventRounds "9"]
[EventCountry "UKR"]
[EventCategory "1"]
[SourceTitle "CBM 203 Extra"]
[Source "ChessBase"]
[SourceDate "2021.09.30"]
[SourceVersion "1"]
[SourceVersionDate "2021.09.30"]
[SourceQuality "1"]

1. Nf3 d5 2. d4 Nf6 3. Bg5 c6 4. c3 Bf5 5. e3 Qb6 6. Qc1 Nbd7 7. c4 Bxb1 8. Rxb1 Ne4 9. b4 dxc4 10. Qxc4 e6 11. Bd3 Nxg5 12. Nxg5 Be7 13. Ne4 1/2-1/2

[Event "Chernivtsi Masters"]
[Site "Chernivtsi"]
[Date "2021.07.20"]
[Round "1"]
[White "Mintenko, Heorhiy"]
[Black "Fingerov, Dmitry"]
[Result "0-1"]
[WhiteElo "1895"]
[BlackElo "2273"]
[PlyCount "92"]
[EventDate "2021.07.20"]
[EventType "tourn"]
[EventRounds "9"]
[EventCountry "UKR"]
[EventCategory "1"]
[SourceTitle "CBM 203 Extra"]
[Source "ChessBase"]
[SourceDate "2021.09.30"]
[SourceVersion "1"]
[SourceVersionDate "2021.09.30"]
[SourceQuality "1"]

1. d4 Nf6 2. Bf4 Nh5 3. Bg5 h6 4. Bh4 g5 5. e3 Ng7 6. Bg3 Nf5 7. Be5 Rg8 8. h3 d6 9. Bh2 c5 10. c3 Qb6 11. Qb3 Nc6 12. Nd2 Qxb3 13. axb3 cxd4 14. exd4 e5 15. dxe5 dxe5 16. Ngf3 f6 17. Bc4 Rg7 18. Ne4 Ke7 19. Ke2 h5 20. g4 Nh6 21. gxh5 Bxh3 22. b4 Bg4 23. b5 Nd8 24. Ned2 Ne6 25. Ke1 Nf5 26. Bd5 Nd6 27. c4 Nc7 28. Ra4 Nxd5 29. cxd5 Bd7 30. Nxe5 fxe5 31. Bxe5 Rh7 32. Bxd6+ Kxd6 33. Ne4+ Kc7 34. d6+ Kb6 35. Nxg5 Rh6 36. Rd4 Kc5 37. Rdh4 Bxd6 38. Ne4+ Kb6 39. Nxd6 Rxd6 40. f3 Rh6 41. Rg1 Rah8 42. Rg5 Be8 43. Re5 Rxh5 44. Re6+ Kxb5 45. Rxh5+ Bxh5 46. f4 Re8 0-1

[Event "Odessa Galakhov Memorial"]
[Site "Odessa"]
[Date "2018.12.23"]
[Round "5"]
[White "Drozdovskij, Yuri"]
[Black "Fingerov, Dmitry"]
[Result "1-0"]
[WhiteElo "2616"]
[BlackElo "2290"]
[PlyCount "50"]
[EventDate "2018.12.23"]
[EventType "tourn (blitz)"]
[EventRounds "11"]
[EventCountry "UKR"]
[EventCategory "7"]
[SourceTitle "CBM 188 Extra"]
[Source "ChessBase"]
[SourceDate "2019.02.28"]
[SourceVersion "1"]
[SourceVersionDate "2019.02.28"]
[SourceQuality "1"]

1. d4 d5 2. c4 dxc4 3. e3 Nf6 4. Bxc4 e6 5. Nf3 a6 6. 0-0 b5 7. Bb3 Bb7 8. a4 Nbd7 9. Qe2 bxa4 10. Bxa4 Bd6 11. Nc3 0-0 12. e4 e5 13. d5 Nc5 14. Bc2 a5 15. Rd1 Qc8 16. Be3 Re8 17. Nd2 Ba6 18. Qf3 Bd3 19. Bxd3 Nxd3 20. Bg5 Nf4 21. Bxf6 gxf6 22. g3 Ng6 23. Qxf6 Bb4 24. Nc4 Qg4 25. Ne3 Qh3 1-0

[Event "Odessa Galakhov Memorial"]
[Site "Odessa"]
[Date "2018.12.23"]
[Round "11"]
[White "Eingorn, Vereslav S"]
[Black "Fingerov, Dmitry"]
[Result "1/2-1/2"]
[WhiteElo "2509"]
[BlackElo "2290"]
[PlyCount "20"]
[EventDate "2018.12.23"]
[EventType "tourn (blitz)"]
[EventRounds "11"]
[EventCountry "UKR"]
[EventCategory "7"]
[SourceTitle "CBM 188 Extra"]
[Source "ChessBase"]
[SourceDate "2019.02.28"]
[SourceVersion "1"]
[SourceVersionDate "2019.02.28"]
[SourceQuality "1"]

1. d4 d5 2. c4 dxc4 3. e3 Nf6 4. Bxc4 e6 5. Nf3 c5 6. 0-0 Nc6 7. Qe2 cxd4 8. Rd1 Be7 9. Nxd4 Nxd4 10. exd4 0-0 1/2-1/2

[Event "Odessa Galakhov Memorial"]
[Site "Odessa"]
[Date "2018.12.23"]
[Round "7"]
[White "Sumets, Andrey"]
[Black "Fingerov, Dmitry"]
[Result "1-0"]
[WhiteElo "2577"]
[BlackElo "2290"]
[PlyCount "55"]
[EventDate "2018.12.23"]
[EventType "tourn (blitz)"]
[EventRounds "11"]
[EventCountry "UKR"]
[EventCategory "7"]
[SourceTitle "CBM 188 Extra"]
[Source "ChessBase"]
[SourceDate "2019.02.28"]
[SourceVersion "1"]
[SourceVersionDate "2019.02.28"]
[SourceQuality "1"]

1. d4 d5 2. Bf4 Nf6 3. e3 Bf5 4. c4 e6 5. Nc3 Be7 6. Qb3 Nc6 7. a3 dxc4 8. Qxb7 Na5 9. Qa6 Nb3 10. Rd1 0-0 11. Bxc4 Bc2 12. Bxb3 Bxb3 13. Rc1 c5 14. Nf3 Nd5 15. Nxd5 Bxd5 16. dxc5 Bxf3 17. gxf3 Qd5 18. e4 Qb3 19. Qe2 Rac8 20. c6 f6 21. 0-0 e5 22. Be3 Qa4 23. Qc4+ Qxc4 24. Rxc4 a6 25. b4 Kf7 26. a4 Rb8 27. Rb1 Rfc8 28. b5 1-0

[Event "Mukachevo Summer op"]
[Site "Mukachevo"]
[Date "2018.07.08"]
[Round "9"]
[White "Fingerov, Dmitry"]
[Black "Skliarov, Viktor"]
[Result "0-1"]
[WhiteElo "2300"]
[BlackElo "2357"]
[PlyCount "84"]
[EventDate "2018.07.03"]
[EventType "swiss"]
[EventRounds "9"]
[EventCountry "UKR"]
[SourceTitle "CBM 185 Extra"]
[Source "ChessBase"]
[SourceDate "2018.07.29"]
[SourceVersion "1"]
[SourceVersionDate "2018.07.29"]
[SourceQuality "1"]

1. e4 c5 2. Nf3 Nc6 3. c3 d6 4. d4 Nf6 5. Bd3 g6 6. Be3 Ng4 7. Bg5 Bg7 8. h3 Nf6 9. 0-0 0-0 10. dxc5 dxc5 11. Na3 Be6 12. Qe2 Qc7 13. Nb5 Qb8 14. Qe3 Nd7 15. Bf4 Nce5 16. Ng5 a6 17. Na3 b5 18. Nxe6 fxe6 19. Bg3 c4 20. Be2 Qb6 21. Bf4 Rac8 22. Nc2 Qxe3 23. Bxe3 Nc5 24. Bxc5 Rxc5 25. Nd4 Kf7 26. b4 cxb3 27. axb3 Nc6 28. Rfd1 Rxc3 29. Nxc6 Rxc6 30. Rac1 Rfc8 31. Rxc6 Rxc6 32. Rd8 Rc1+ 33. Rd1 Rc2 34. Kf1 Rb2 35. Rd3 Rb1+ 36. Bd1 a5 37. Ke2 Ra1 38. Rd7 Bc3 39. Rb7 a4 40. bxa4 bxa4 41. Ra7 a3 42. Ra6 a2 0-1

[Event "Odessa Region-ch op"]
[Site "Odessa"]
[Date "2018.06.27"]
[Round "8"]
[White "Fingerov, Dmitry"]
[Black "Vedmediuc, Serghei"]
[Result "1/2-1/2"]
[WhiteElo "2300"]
[BlackElo "2464"]
[PlyCount "72"]
[EventDate "2018.06.20"]
[EventType "tourn"]
[EventRounds "11"]
[EventCountry "UKR"]
[EventCategory "7"]
[SourceTitle "CBM 185 Extra"]
[Source "ChessBase"]
[SourceDate "2018.07.29"]
[SourceVersion "1"]
[SourceVersionDate "2018.07.29"]
[SourceQuality "1"]

1. e4 c6 2. Nc3 d5 3. Nf3 Nf6 4. e5 Ne4 5. Na4 Qa5 6. c3 b5 7. Nc5 Nxc5 8. b4 Qb6 9. bxc5 Qxc5 10. a4 a6 11. axb5 cxb5 12. Nd4 Ra7 13. e6 Nc6 14. Ba3 Qb6 15. Qh5 Nxd4 16. exf7+ Kd8 17. Bd3 Qe6+ 18. Kf1 Nf5 19. Bb4 g6 20. Ba5+ Kd7 21. Qf3 Bg7 22. Bb4 Qxf7 23. Bxb5+ Kc7 24. Bc5 Ra8 25. Qf4+ e5 26. Qb4 Bb7 27. Bd3 Bc6 28. Qb6+ Kd7 29. Rxa6 Rxa6 30. Bxa6 Bf8 31. Bc8+ Kxc8 32. Qxc6+ Qc7 33. Qe8+ Qd8 34. Qc6+ Qc7 35. Qe8+ Kb7 36. Qb5+ Kc8 1/2-1/2

[Event "Odessa Region-ch op"]
[Site "Odessa"]
[Date "2018.06.26"]
[Round "7"]
[White "Baidetsky, Valentin"]
[Black "Fingerov, Dmitry"]
[Result "1-0"]
[WhiteElo "2387"]
[BlackElo "2300"]
[PlyCount "79"]
[EventDate "2018.06.20"]
[EventType "tourn"]
[EventRounds "11"]
[EventCountry "UKR"]
[EventCategory "7"]
[SourceTitle "CBM 185 Extra"]
[Source "ChessBase"]
[SourceDate "2018.07.29"]
[SourceVersion "1"]
[SourceVersionDate "2018.07.29"]
[SourceQuality "1"]

1. Nf3 d5 2. g3 Nc6 3. d4 Bf5 4. c4 e6 5. Qa4 dxc4 6. Bg2 Be4 7. 0-0 Bb4 8. Bd2 Qd6 9. a3 Bxd2 10. Nbxd2 Bxf3 11. Bxf3 Nge7 12. e3 0-0 13. Ne4 Qd8 14. Qxc4 e5 15. Nc5 exd4 16. Nxb7 Qd7 17. Nc5 Qd6 18. exd4 Rab8 19. b4 Qxd4 20. Qxd4 Nxd4 21. Be4 f5 22. Bd3 Rfd8 23. Kg2 Kh8 24. Rfe1 Nec6 25. Na6 Rbc8 26. Rac1 g6 27. b5 Nf3 28. Kxf3 Rxd3+ 29. Ke2 Ne5 30. Rc5 Nf3 31. Kxd3 Nxe1+ 32. Kc4 Kg7 33. Rxc7+ Rxc7+ 34. Nxc7 Kf7 35. Kd5 Nc2 36. a4 Nb4+ 37. Kc4 Nc2 38. a5 Ke7 39. b6 axb6 40. a6 1-0

[Event "Odessa Region-ch op"]
[Site "Odessa"]
[Date "2018.06.22"]
[Round "3"]
[White "Fingerov, Dmitry"]
[Black "Tesla, Vladimir"]
[Result "1-0"]
[WhiteElo "2300"]
[BlackElo "2297"]
[PlyCount "73"]
[EventDate "2018.06.20"]
[EventType "tourn"]
[EventRounds "11"]
[EventCountry "UKR"]
[EventCategory "7"]
[SourceTitle "CBM 185 Extra"]
[Source "ChessBase"]
[SourceDate "2018.07.29"]
[SourceVersion "1"]
[SourceVersionDate "2018.07.29"]
[SourceQuality "1"]

1. e4 c5 2. Nf3 Nc6 3. c3 Nf6 4. Qa4 e6 5. Bb5 Be7 6. 0-0 0-0 7. Re1 Qc7 8. d4 cxd4 9. cxd4 d5 10. exd5 Nxd5 11. Nc3 Nxc3 12. bxc3 Bd7 13. d5 a6 14. Bxc6 bxc6 15. dxe6 Bxe6 16. Bf4 Bd6 17. Bxd6 Qxd6 18. Nd4 Bd7 19. Rad1 Rfe8 20. Rxe8+ Rxe8 21. Nf3 Qc7 22. Qxa6 Bg4 23. Re1 Rxe1+ 24. Nxe1 h6 25. h3 Qe7 26. Nc2 Bd7 27. Qa7 Qd6 28. Qd4 Qe6 29. Ne3 Be8 30. a4 c5 31. Qd8 Kh7 32. a5 Bc6 33. Qc7 g5 34. a6 Kg6 35. a7 f5 36. Nc4 Qe4 37. Qxc6+ 1-0

[Event "Odessa Region-ch op"]
[Site "Odessa"]
[Date "2018.06.20"]
[Round "1"]
[White "Fingerov, Dmitry"]
[Black "Bogdanovich, Stanislav"]
[Result "1/2-1/2"]
[WhiteElo "2300"]
[BlackElo "2528"]
[PlyCount "83"]
[EventDate "2018.06.20"]
[EventType "tourn"]
[EventRounds "11"]
[EventCountry "UKR"]
[EventCategory "7"]
[SourceTitle "CBM 185 Extra"]
[Source "ChessBase"]
[SourceDate "2018.07.29"]
[SourceVersion "1"]
[SourceVersionDate "2018.07.29"]
[SourceQuality "1"]

1. e4 c5 2. c3 Nf6 3. Qa4 Qc7 4. Na3 Qc6 5. Qxc6 Nxc6 6. d3 d5 7. Nb5 Kd8 8. Nf3 a6 9. Ng5 axb5 10. Nxf7+ Ke8 11. Nxh8 e5 12. d4 Nxe4 13. f3 Nf6 14. dxe5 Nxe5 15. Bxb5+ Bd7 16. Bf4 Nxf3+ 17. gxf3 Bxb5 18. 0-0-0 Be7 19. Rhg1 Kf8 20. Rde1 Bd8 21. Bd6+ Kg8 22. Be7 Kxh8 23. Bxd8 Rxd8 24. Re7 Nh5 25. Rg5 g6 26. Rxb7 Bd3 27. Rc7 Bf5 28. Rxh5 gxh5 29. Rxc5 Kg7 30. a4 Kf6 31. a5 d4 32. b4 d3 33. Kd2 Re8 34. a6 Re2+ 35. Kd1 Ra2 36. b5 Bh3 37. Rd5 Bf1 38. Ke1 Ra1+ 39. Kd2 Ke6 40. c4 Ra2+ 41. Ke1 Ra1+ 42. Kd2 1/2-1/2

[Event "Lutsk Nebesna Sotnya Memorial blitz"]
[Site "Lutsk"]
[Date "2017.02.17"]
[Round "5"]
[White "Budnikov, Oleg"]
[Black "Fingerov, Dmitry"]
[Result "1/2-1/2"]
[WhiteElo "2403"]
[BlackElo "2334"]
[PlyCount "117"]
[EventDate "2017.02.17"]
[EventType "swiss (blitz)"]
[EventRounds "15"]
[EventCountry "UKR"]
[SourceTitle "CBM 176 Extra"]
[Source "ChessBase"]
[SourceDate "2017.03.02"]
[SourceVersion "1"]
[SourceVersionDate "2017.03.02"]
[SourceQuality "1"]

1. Nf3 Nf6 2. c4 c6 3. d4 d5 4. Nc3 dxc4 5. a4 e6 6. e3 c5 7. Bxc4 Be7 8. 0-0 0-0 9. Qe2 cxd4 10. exd4 Nc6 11. Rd1 Nb4 12. Ne5 b6 13. Bg5 Nfd5 14. Bxd5 exd5 15. Bxe7 Qxe7 16. Qf3 Be6 17. Rac1 Rac8 18. h3 Qf6 19. Qxf6 gxf6 20. Nd3 Nxd3 21. Rxd3 Rc4 22. b3 Rc6 23. Rdd1 Rfc8 24. Ne2 Rc2 25. Rxc2 Rxc2 26. Nf4 Rc3 27. Rd3 Rc1+ 28. Kh2 Kf8 29. Rf3 Bf5 30. Nh5 Be4 31. Rxf6 Rc3 32. Nf4 Rxb3 33. f3 Bg6 34. Rd6 Rb4 35. a5 bxa5 36. Rxd5 a4 37. Ne2 Bd3 38. Nc3 Bf1 39. Kg1 Bc4 40. Ra5 Bb3 41. Rxa7 Rxd4 42. Kf2 Rc4 43. Ne4 Rc2+ 44. Kg3 h6 45. Ra5 Kg7 46. Nc5 Bc4 47. Rxa4 Bf1 48. Ne4 Rxg2+ 49. Kf4 Rg6 50. h4 Bd3 51. Ng3 Rf6+ 52. Ke3 Bg6 53. h5 Bh7 54. Ra5 Re6+ 55. Kf4 Rf6+ 56. Kg4 Rc6 57. Ra7 Rc4+ 58. f4 Bc2 59. Ra1 1/2-1/2

[Event "Lutsk Nebesna Sotnya Memorial blitz"]
[Site "Lutsk"]
[Date "2017.02.17"]
[Round "4"]
[White "Fingerov, Dmitry"]
[Black "Firman, Nazar"]
[Result "1-0"]
[WhiteElo "2335"]
[BlackElo "2419"]
[PlyCount "79"]
[EventDate "2017.02.17"]
[EventType "swiss (blitz)"]
[EventRounds "15"]
[EventCountry "UKR"]
[SourceTitle "EXT 2018"]
[Source "ChessBase"]
[SourceDate "2017.10.13"]
[SourceVersion "1"]
[SourceVersionDate "2017.10.13"]
[SourceQuality "1"]

1. e4 g6 2. d4 Bg7 3. Nc3 d6 4. Nf3 Nf6 5. e5 dxe5 6. dxe5 Qxd1+ 7. Kxd1 Ng4 8. Nd5 0-0 9. Nxc7 Nxf2+ 10. Ke1 Nxh1 11. Nxa8 Nc6 12. Bf4 Bg4 13. Be2 Rxa8 14. h3 Bxf3 15. Bxf3 Bxe5 16. Bxe5 Nxe5 17. Bxb7 Rb8 18. Bd5 Rxb2 19. Bb3 a5 20. Kd1 a4 21. Kc1 a3 22. Kd2 Ng3 23. Re1 Nc6 24. Kc3 e6 25. Re3 Nf5 26. Re4 Na5 27. Ra4 Nxb3 28. axb3 Rb1 29. Rxa3 Rg1 30. b4 Rxg2 31. b5 Rg3+ 32. Kb4 Rxa3 33. Kxa3 Ne7 34. Kb4 f5 35. Kc5 f4 36. b6 f3 37. b7 Kf7 38. b8Q Nf5 39. Qf4 Kf6 40. Qxf3 1-0

[Event "Lutsk Nebesna Sotnya Memorial blitz"]
[Site "Lutsk"]
[Date "2017.02.17"]
[Round "6"]
[White "Fingerov, Dmitry"]
[Black "Gritsak, Orest"]
[Result "0-1"]
[WhiteElo "2334"]
[BlackElo "2497"]
[PlyCount "131"]
[EventDate "2017.02.17"]
[EventType "swiss (blitz)"]
[EventRounds "15"]
[EventCountry "UKR"]
[SourceTitle "CBM 176 Extra"]
[Source "ChessBase"]
[SourceDate "2017.03.02"]
[SourceVersion "1"]
[SourceVersionDate "2017.03.02"]
[SourceQuality "1"]

1. e4 c5 2. c3 d5 3. exd5 Qxd5 4. d4 Nf6 5. Nf3 e6 6. Na3 a6 7. Nc4 Nbd7 8. Be2 cxd4 9. Qxd4 Bc5 10. Qxd5 Nxd5 11. Nfe5 Nxe5 12. Nxe5 f6 13. Nd3 Bd6 14. Bf3 Ne7 15. Be3 Kf7 16. 0-0-0 Bc7 17. Bf4 e5 18. Bg3 Nf5 19. Nc5 Rb8 20. Nd7 Ra8 21. Nc5 Ra7 22. Ne4 Be6 23. Bg4 h5 24. Bh3 h4 25. Nc5 Bc8 26. Nd7 Ne7 27. Nxe5+ fxe5 28. Bxc8 hxg3 29. Bd7 gxh2 30. Rd3 e4 31. Rd4 Rd8 32. g3 Bb6 33. Rdd1 Bxf2 34. Rxh2 e3 35. Bg4 Rxd1+ 36. Kxd1 b5 37. Ke2 Ng8 38. Bf3 Nf6 39. Rh8 Rd7 40. Bc6 Rd2+ 41. Kf3 Rxb2 42. Rc8 Rxa2 43. g4 g5 44. Rc7+ Ke6 45. Bb7 a5 46. Rc6+ Ke7 47. Rc5 b4 48. cxb4 axb4 49. Rb5 Rb2 50. Bc8 Bg1 51. Bf5 e2 52. Re5+ Kf7 53. Rxe2 Rxe2 54. Kxe2 Bd4 55. Kd3 Bc3 56. Kc4 Ke7 57. Bc8 Kd6 58. Kb3 Ke5 59. Kc4 Kf4 60. Be6 Nxg4 61. Bd5 Ne5+ 62. Kb3 g4 63. Bg2 g3 64. Kc2 Ke3 65. Kb3 Kf2 66. Bf1 0-1